| 000 | 00961nam0a22002651 4500 | ||
|---|---|---|---|
| 001 | rc\3323940 | ||
| 005 | 20260407140338.0 | ||
| 021 |
_aRU _b[74-20849] |
||
| 035 | _a(NLR Aleph) 007509967 | ||
| 090 |
_a7692581 _c7692581 |
||
| 100 | _a20130115d1974 |||y0rusy50 ca | ||
| 101 | 0 | _arus | |
| 102 | _aRU | ||
| 105 | _aa z ||||| | ||
| 200 | 1 |
_aИнструкция по искусственному осеменению коров и телок _fМ-во сел. хоз-ва РСФСР. Росплемобъединение |
|
| 205 | _a4-е изд. | ||
| 210 |
_aМосква _cРоссельхозиздат _d1974 |
||
| 215 |
_a87 с. _cил. _d20 |
||
| 606 |
_aКрупный рогатый скот _xИскусственное осеменение _2psbo |
||
| 712 | 0 | 2 |
_aРосплемобъединение _3RU\NLR\AUTH\8810006189 _9509858 |
| 801 | 0 |
_aRU _bNLR _gpsbo |
|
| 801 | 1 |
_aRU _bELAR _2rusmarc |
|
| 852 |
_aNLR _j73-4/49727 |
||
| 942 | _cBOOK | ||
| 980 | _aNB | ||